Restaurant decors

Bibliographic Details
Main Author: Newton, Hannah
Format: Book
Published: Mexico : Atrium Group , 2002
Subjects:

MARC

LEADER 00000cam a2200000 7i4500
001 0000012412
005 20050419.0
020 |a 8495692104 
040 |a INS 
090 0 0 |a NA7800   |b R3131 2002 
100 1 |a Newton, Hannah 
245 1 0 |a Restaurant decors   |c Hannah Newton 
260 |a Mexico :   |b Atrium Group ,   |c 2002 
300 |a 573p :   |b 20cm 
650 0 0 |a Restaurants 
999 |a 0000012028   |b BOOK   |c Open Shelf   |e Default branch